Stati confinanti meno popolosi - Quiz n°1 - Statistics

Statistiche generali
  • Questo quiz è stato fatto 5 volte
  • Il punteggio medio è 8 su 10
Statistiche sulle risposte
Nazione Nazione confinante meno popolosa % Corretto
Mongolia Russia
100%
Guyana Suriname
100%
Etiopia Gibuti
80%
Tagikistan Kirghizistan
80%
Cambogia Laos
80%
Angola Namibia
80%
Repubblica Centrafricana Repubblica del Congo
80%
Mauritania Senegal
80%
Azerbaigian Armenia
60%
Ungheria Slovenia
60%
Nessun quiz corrispondente trovato
Distribuzione punteggi
Percentuale di utenti per punteggio
Percentile per numero di risposta
I tuoi punteggi nel tempo
Non hai fatto questo quiz